Mathematical Simulation of the Asynchronous Electric Drive of Periodic Movement; MATEC Web of Conferences; Vol. 91 : Smart Grids 2017

Detalles Bibliográficos
Parent link:MATEC Web of Conferences
Vol. 91 : Smart Grids 2017.— 2017.— [01042, 5 p.]
Autor Principal: Nagorniy V. O. Vasiliy
Autor Corporativo: Национальный исследовательский Томский политехнический университет (ТПУ) Энергетический институт (ЭНИН) Кафедра электропривода и электрооборудования (ЭПЭО)
Outros autores: Aristov A. V. Anatoly Vladimirovich
Summary:Title screen
The article deals with the approach to construction of mathematical models of electric drives working in the mode of periodic motion. An example of a mathematical model and simulation results are presented.
Idioma:inglés
Publicado: 2017
Subjects:
Acceso en liña:http://dx.doi.org/10.1051/matecconf/20179101042
http://earchive.tpu.ru/handle/11683/36628
Formato: Electrónico Capítulo de libro
KOHA link:https://koha.lib.tpu.ru/cgi-bin/koha/opac-detail.pl?biblionumber=652922

MARC

LEADER 00000nla2a2200000 4500
001 652922
005 20231101134738.0
035 |a (RuTPU)RU\TPU\network\18293 
035 |a RU\TPU\network\18292 
090 |a 652922 
100 |a 20170201a2017 k y0engy50 ba 
101 0 |a eng 
105 |a y z 100zy 
135 |a drcn ---uucaa 
181 0 |a i  
182 0 |a b 
200 1 |a Mathematical Simulation of the Asynchronous Electric Drive of Periodic Movement  |f V. O. Nagorniy, A. V. Aristov 
203 |a Text  |c electronic 
300 |a Title screen 
320 |a [References: 16 tit.] 
330 |a The article deals with the approach to construction of mathematical models of electric drives working in the mode of periodic motion. An example of a mathematical model and simulation results are presented. 
461 0 |0 (RuTPU)RU\TPU\network\4526  |t MATEC Web of Conferences 
463 0 |0 (RuTPU)RU\TPU\network\17893  |t Vol. 91 : Smart Grids 2017  |o The Fourth International Youth Forum, October 10-14, 2016, Tomsk, Russia  |o [proceedings]  |f National Research Tomsk Polytechnic University (TPU) ; eds P. A. Strizhak ; G. V. Kuznetsov ; A. O. Zhdanova  |v [01042, 5 p.]  |d 2017 
610 1 |a электронный ресурс 
610 1 |a труды учёных ТПУ 
610 1 |a математическое моделирование 
610 1 |a асинхронные электроприводы 
610 1 |a периодические движения 
700 1 |a Nagorniy  |b V. O.  |g Vasiliy 
701 1 |a Aristov  |b A. V.  |c specialist in the field of electrical engineering  |c Professor of Tomsk Polytechnic University, doctor of technical sciences  |f 1952-  |g Anatoly Vladimirovich  |2 stltpush  |3 (RuTPU)RU\TPU\pers\35106 
712 0 2 |a Национальный исследовательский Томский политехнический университет (ТПУ)  |b Энергетический институт (ЭНИН)  |b Кафедра электропривода и электрооборудования (ЭПЭО)  |h 178  |2 stltpush  |3 (RuTPU)RU\TPU\col\18674 
801 2 |a RU  |b 63413507  |c 20170203  |g RCR 
856 4 |u http://dx.doi.org/10.1051/matecconf/20179101042 
856 4 |u http://earchive.tpu.ru/handle/11683/36628 
942 |c CF